The atomic bazaar : (Record no. 15523)

000 -LEADER
fixed length control field 02666cam a2200409 a 4500
001 - CONTROL NUMBER
control field 14676032
005 - DATE AND TIME OF LATEST TRANSACTION
control field 20170105102920.0
008 - FIXED-LENGTH DATA ELEMENTS--GENERAL INFORMATION
fixed length control field 061219s2007 nyub 000 0 eng
010 ## - LIBRARY OF CONGRESS CONTROL NUMBER
LC control number 2006102539
015 ## - NATIONAL BIBLIOGRAPHY NUMBER
National bibliography number GBA711822
Source bnb
016 7# - NATIONAL BIBLIOGRAPHIC AGENCY CONTROL NUMBER
Record control number 013672202
Source Uk
020 ## - INTERNATIONAL STANDARD BOOK NUMBER
International Standard Book Number 9780374106782 (hardcover : alk. paper)
035 ## - SYSTEM CONTROL NUMBER
System control number (OCoLC)ocm77271147
035 ## - SYSTEM CONTROL NUMBER
System control number (OCoLC)77271147
040 ## - CATALOGING SOURCE
Original cataloging agency DLC
Transcribing agency DLC
Modifying agency BAKER
-- BTCTA
-- UKM
-- GK8
-- C#P
-- NSB
-- BUR
-- YDXCP
-- IXA
-- AFQ
-- DLC
043 ## - GEOGRAPHIC AREA CODE
Geographic area code a-pk---
050 00 - LIBRARY OF CONGRESS CALL NUMBER
Classification number U264
Item number .L365 2007
082 00 - DEWEY DECIMAL CLASSIFICATION NUMBER
Classification number 355.02/17095491
Edition number 22
100 1# - MAIN ENTRY--PERSONAL NAME
Personal name Langewiesche, William.
245 14 - TITLE STATEMENT
Title The atomic bazaar :
Remainder of title the rise of the nuclear poor /
Statement of responsibility, etc. William Langewiesche.
250 ## - EDITION STATEMENT
Edition statement 1st ed.
260 ## - PUBLICATION, DISTRIBUTION, ETC.
Place of publication, distribution, etc. New York :
Name of publisher, distributor, etc. Farrar, Straus and Giroux,
Date of publication, distribution, etc. 2007.
300 ## - PHYSICAL DESCRIPTION
Extent 179 p. :
Other physical details map ;
Dimensions 22 cm.
505 0# - FORMATTED CONTENTS NOTE
Formatted contents note The vanguard of the poor -- Nukes without nations -- The wrath of Khan -- The point of no return.
520 ## - SUMMARY, ETC.
Summary, etc. Journalist Langewiesche investigates the burgeoning global threat of nuclear weapons production. This is the story of the inexorable drift of nuclear weapons technology from the hands of the rich into the hands of the poor. As more unstable and undeveloped nations find ways of acquiring the ultimate arms, the stakes of state-sponsored nuclear activity have soared to frightening heights. Even more disturbing is the likelihood of such weapons being manufactured and deployed by guerrilla non-state terrorists. Langewiesche also recounts the recent history of Abdul Qadeer Khan, the scientist at the forefront of nuclear development and trade in the Middle East who masterminded the theft and sale of centrifuge designs that helped to build Pakistan's nuclear arsenal, and who single-handedly peddled nuclear plans to North Korea, Iran, and other potentially hostile countries. He then examines in dramatic and tangible detail the chances for nuclear terrorism.--From publisher description.
650 #0 - SUBJECT ADDED ENTRY--TOPICAL TERM
Topical term or geographic name entry element Nuclear weapons.
650 #0 - SUBJECT ADDED ENTRY--TOPICAL TERM
Topical term or geographic name entry element Nuclear weapons
Geographic subdivision Pakistan.
650 #0 - SUBJECT ADDED ENTRY--TOPICAL TERM
Topical term or geographic name entry element Nuclear nonproliferation.
650 #0 - SUBJECT ADDED ENTRY--TOPICAL TERM
Topical term or geographic name entry element World politics
Chronological subdivision 21st century.
856 41 - ELECTRONIC LOCATION AND ACCESS
Materials specified Table of contents only
Uniform Resource Identifier <a href="http://www.loc.gov/catdir/toc/ecip077/2006102539.html">http://www.loc.gov/catdir/toc/ecip077/2006102539.html</a>
856 42 - ELECTRONIC LOCATION AND ACCESS
Materials specified Contributor biographical information
Uniform Resource Identifier <a href="http://www.loc.gov/catdir/enhancements/fy0621/2006102539-b.html">http://www.loc.gov/catdir/enhancements/fy0621/2006102539-b.html</a>
856 42 - ELECTRONIC LOCATION AND ACCESS
Materials specified Publisher description
Uniform Resource Identifier <a href="http://www.loc.gov/catdir/enhancements/fy0621/2006102539-d.html">http://www.loc.gov/catdir/enhancements/fy0621/2006102539-d.html</a>
856 41 - ELECTRONIC LOCATION AND ACCESS
Materials specified Sample text
Uniform Resource Identifier <a href="http://www.loc.gov/catdir/enhancements/fy0733/2006102539-s.html">http://www.loc.gov/catdir/enhancements/fy0733/2006102539-s.html</a>
906 ## - LOCAL DATA ELEMENT F, LDF (RLIN)
a 7
b cbc
c orignew
d 1
e ecip
f 20
g y-gencatlg
942 ## - ADDED ENTRY ELEMENTS (KOHA)
Source of classification or shelving scheme
Koha item type Book
Holdings
Withdrawn status Lost status Damaged status Not for loan Collection code Permanent Location Current Location Shelving location Date acquired Total Checkouts Full call number Barcode Date last seen Price effective from Koha item type
          Centre for International Peace & Stability (CIPS) Centre for International Peace & Stability (CIPS) General Stacks 10/02/2013   355.0217095491 LAN 2007 CIPS0001524 12/03/2013 12/03/2013 Book
© 2023 Central Library, National University of Sciences and Technology. All Rights Reserved.